[Event "EYCC 2024 - O14"]
[Site "?"]
[Date "2024.08.29"]
[Round "7.9"]
[White "Popov, Roman"]
[Black "Perea Fruet, Federico"]
[Result "1-0"]
[BlackElo "2094"]
[WhiteElo "1962"]
[LiveChessVersion "1.4.8"]

1. d4 {[%clk 1:30:50]} d5 {[%clk 1:30:50]} 2. c4 {[%clk 1:31:07]} e6
{[%clk 1:31:11]} 3. Nc3 {[%clk 1:31:15]} a6 {[%clk 1:30:28]} 4. cxd5
{[%clk 1:31:37]} exd5 {[%clk 1:30:56]} 5. Bf4 {[%clk 1:31:52]} Nf6
{[%clk 1:30:18]} 6. Bg5 {[%clk 1:30:56]} c6 {[%clk 1:29:17]} 7. e3
{[%clk 1:30:58]} Bd6 {[%clk 1:27:55]} 8. Bd3 {[%clk 1:31:15]} Be6
{[%clk 1:26:49]} 9. Qc2 {[%clk 1:31:23]} Nbd7 {[%clk 1:25:44]} 10. Nge2
{[%clk 1:31:12]} h6 {[%clk 1:19:39]} 11. Bh4 {[%clk 1:31:28]} Qc7
{[%clk 1:18:17]} 12. Bg3 {[%clk 1:29:29]} O-O {[%clk 1:14:26]} 13. O-O
{[%clk 1:29:05]} Rfe8 {[%clk 1:12:24]} 14. Rae1 {[%clk 1:28:38]} Rac8
{[%clk 1:09:52]} 15. f3 {[%clk 1:18:19]} c5 {[%clk 1:06:45]} 16. dxc5
{[%clk 1:16:49]} Nxc5 {[%clk 1:05:26]} 17. Bxd6 {[%clk 1:11:35]} Qxd6
{[%clk 1:05:47]} 18. Nd4 {[%clk 1:10:19]} Nxd3 {[%clk 1:01:11]} 19. Qxd3
{[%clk 1:10:40]} Rc7 {[%clk 0:52:13]} 20. Rd1 {[%clk 0:53:20]} Rce7
{[%clk 0:50:35]} 21. Rfe1 {[%clk 0:49:23]} Bd7 {[%clk 0:45:42]} 22. Nc2
{[%clk 0:37:05]} Bc6 {[%clk 0:42:20]} 23. Qd4 {[%clk 0:34:21]} Qe5
{[%clk 0:39:11]} 24. Qxe5 {[%clk 0:33:33]} Rxe5 {[%clk 0:39:39]} 25. Rd4
{[%clk 0:32:54]} a5 {[%clk 0:36:07]} 26. Kf2 {[%clk 0:30:27]} g6 {[%clk 0:33:31]}
27. Re2 {[%clk 0:23:30]} Kg7 {[%clk 0:30:21]} 28. Ne1 {[%clk 0:21:27]} g5
{[%clk 0:27:55]} 29. Nd3 {[%clk 0:20:23]} R5e7 {[%clk 0:27:29]} 30. b4
{[%clk 0:17:09]} b6 {[%clk 0:25:22]} 31. bxa5 {[%clk 0:16:01]} bxa5
{[%clk 0:25:48]} 32. Nc5 {[%clk 0:15:30]} Nd7 {[%clk 0:21:53]} 33. Nb3
{[%clk 0:12:09]} a4 {[%clk 0:18:24]} 34. Nxa4 {[%clk 0:09:40]} Bb5
{[%clk 0:17:12]} 35. Re1 {[%clk 0:08:51]} Bxa4 {[%clk 0:14:33]} 36. Rxa4
{[%clk 0:09:15]} Ne5 {[%clk 0:13:33]} 37. Rd4 {[%clk 0:08:03]} Nc4
{[%clk 0:13:03]} 38. e4 {[%clk 0:07:21]} f5 {[%clk 0:12:19]} 39. Rxd5
{[%clk 0:06:35]} fxe4 {[%clk 0:12:15]} 40. Rxe4 {[%clk 0:05:36]} Rxe4
{[%clk 0:12:36]} 41. fxe4 {[%clk 0:06:04]} Rxe4 {[%clk 0:12:52]} 42. Rd4
{[%clk 0:05:43]} Rxd4 {[%clk 0:12:29]} 43. Nxd4 {[%clk 0:06:12]} Kf6
{[%clk 0:10:40]} 44. a4 {[%clk 0:04:54]} Na5 {[%clk 0:10:58]} 45. Ke3
{[%clk 0:04:23]} Ke5 {[%clk 0:10:40]} 46. Kd3 {[%clk 0:04:14]} h5
{[%clk 0:10:26]} 47. Kc3 {[%clk 0:03:33]} Ke4 {[%clk 0:09:40]} 48. Kb4
{[%clk 0:02:52]} Nb7 {[%clk 0:09:55]} 49. Ne6 {[%clk 0:02:30]} g4
{[%clk 0:09:34]} 50. Nc5+ {[%clk 0:02:20]} Ke3 {[%clk 0:09:50]} 51. Nxb7
{[%clk 0:02:34]} Kf2 {[%clk 0:10:16]} 52. g3 {[%clk 0:01:42]} Kg2
{[%clk 0:09:47]} 53. Nd6 {[%clk 0:01:56]} Kxh2 {[%clk 0:10:02]} 54. Nf5
{[%clk 0:02:17]} h4 {[%clk 0:10:06]} 55. gxh4 {[%clk 0:02:30]} 1-0

[Event "EYCC 2024 - O14"]
[Site "?"]
[Date "2024.08.29"]
[Round "7.10"]
[White "Senel, Hayri Beyhun"]
[Black "Simonsen, David Mindestrommen"]
[Result "1-0"]
[BlackElo "1922"]
[WhiteElo "2084"]
[LiveChessVersion "1.4.8"]

1. Nf3 {[%clk 1:30:40]} Nf6 {[%clk 1:30:44]} 2. b3 {[%clk 1:31:05]} g6
{[%clk 1:27:17]} 3. Bb2 {[%clk 1:31:34]} Bg7 {[%clk 1:27:39]} 4. g3
{[%clk 1:31:56]} O-O {[%clk 1:27:58]} 5. Bg2 {[%clk 1:32:01]} d5 {[%clk 1:28:12]}
6. c4 {[%clk 1:28:37]} c6 {[%clk 1:28:09]} 7. O-O {[%clk 1:23:05]} Re8
{[%clk 1:27:58]} 8. d4 {[%clk 1:19:10]} Bf5 {[%clk 1:26:52]} 9. Nbd2
{[%clk 1:07:58]} Ne4 {[%clk 1:24:38]} 10. Nh4 Nxd2 {[%clk 1:22:40]} 11. Qxd2
{[%clk 0:56:21]} Be6 {[%clk 1:16:58]} 12. Rac1 {[%clk 0:46:25]} dxc4
{[%clk 1:16:37]} 13. bxc4 {[%clk 0:46:47]} Qb6 {[%clk 1:16:59]} 14. Ba1
{[%clk 0:43:27]} Rd8 {[%clk 1:10:57]} 15. e3 {[%clk 0:42:06]} Qa6
{[%clk 1:04:34]} 16. Qc2 {[%clk 0:41:51]} f5 {[%clk 1:04:30]} 17. Nf3
{[%clk 0:30:12]} Bf6 {[%clk 1:02:06]} 18. h4 {[%clk 0:29:24]} Kg7
{[%clk 1:00:42]} 19. Ng5 {[%clk 0:27:27]} Bg8 {[%clk 1:00:37]} 20. e4
{[%clk 0:22:24]} h6 {[%clk 0:58:19]} 21. e5 {[%clk 0:22:29]} Bxg5
{[%clk 0:57:33]} 22. hxg5 {[%clk 0:22:49]} hxg5 {[%clk 0:56:22]} 23. e6
{[%clk 0:23:08]} 1-0

[Event "EYCC 2024 - O14"]
[Site "?"]
[Date "2024.08.29"]
[Round "7.11"]
[White "Isbatov, Kanan"]
[Black "Lehocz, Jozsef Jr."]
[Result "1-0"]
[BlackElo "2069"]
[WhiteElo "1780"]
[LiveChessVersion "1.4.8"]

1. d4 {[%clk 1:30:54]} f5 {[%clk 1:30:47]} 2. c4 {[%clk 1:31:02]} Nf6
{[%clk 1:31:07]} 3. g3 {[%clk 1:31:22]} g6 {[%clk 1:31:20]} 4. Bg2
{[%clk 1:31:43]} Bg7 {[%clk 1:31:48]} 5. Nc3 {[%clk 1:32:02]} O-O
{[%clk 1:31:37]} 6. Nf3 {[%clk 1:32:28]} d6 {[%clk 1:31:44]} 7. O-O
{[%clk 1:32:30]} Qe8 {[%clk 1:31:34]} 8. d5 {[%clk 1:30:30]} Na6 {[%clk 1:31:04]}
9. Nd4 {[%clk 1:28:11]} Bd7 {[%clk 1:29:43]} 10. e4 {[%clk 1:03:47]} fxe4
{[%clk 1:24:26]} 11. Nxe4 {[%clk 1:04:09]} Nxe4 {[%clk 1:21:03]} 12. Bxe4
{[%clk 1:04:35]} c5 {[%clk 1:18:21]} 13. Ne6 {[%clk 1:00:40]} Bxe6
{[%clk 1:18:07]} 14. dxe6 Rb8 {[%clk 1:14:54]} 15. f4 {[%clk 0:49:07]} Nc7
{[%clk 1:03:01]} 16. f5 {[%clk 0:37:24]} gxf5 {[%clk 0:52:55]} 17. Bxf5
{[%clk 0:37:47]} Rxf5 {[%clk 0:37:03]} 18. Rxf5 {[%clk 0:38:08]} Qg6
{[%clk 0:32:22]} 19. Rg5 {[%clk 0:23:01]} Qxe6 {[%clk 0:30:21]} 20. Qd3
{[%clk 0:14:25]} Qe1+ {[%clk 0:14:57]} 21. Kg2 {[%clk 0:14:51]} Ne6
{[%clk 0:13:47]} 22. Rh5 {[%clk 0:05:35]} Nf8 {[%clk 0:13:38]} 23. Rb1
{[%clk 0:05:25]} Qe6 {[%clk 0:06:50]} 24. Bd2 {[%clk 0:03:06]} b5
{[%clk 0:06:00]} 25. cxb5 {[%clk 0:02:56]} Qxa2 {[%clk 0:04:17]} 26. Re1
{[%clk 0:00:37]} Ng6 {[%clk 0:02:47]} 27. b3 {[%clk 0:00:34]} Qb2
{[%clk 0:01:31]} 28. Rf1 {[%clk 0:00:31]} Qd4 {[%clk 0:01:30]} 29. Qc4+
{[%clk 0:00:32]} Kh8 {[%clk 0:01:45]} 30. Rf2 {[%clk 0:00:32]} Ne5
{[%clk 0:01:34]} 31. Qc2 {[%clk 0:00:34]} Qd5+ {[%clk 0:01:39]} 32. Kf1 Qg8
{[%clk 0:00:49]} 33. Bc3 {[%clk 0:00:33]} Ng4 {[%clk 0:00:31]} 34. Bxg7+
{[%clk 0:00:34]} Qxg7 {[%clk 0:00:58]} 35. Rf3 {[%clk 0:00:32]} Nf6
{[%clk 0:00:43]} 36. Rh4 {[%clk 0:01:01]} Rxb5 {[%clk 0:00:46]} 37. Kg2
{[%clk 0:00:32]} Rb8 {[%clk 0:00:49]} 38. Qf5 {[%clk 0:00:33]} Qf7
{[%clk 0:00:32]} 39. g4 {[%clk 0:00:34]} Rg8 1-0

[Event "EYCC 2024 - O14"]
[Site "?"]
[Date "2024.08.29"]
[Round "7.12"]
[White "Karacsonyi, Bank"]
[Black "Bonelli Maestracci, Pierre Joseph"]
[Result "0-1"]
[BlackElo "2203"]
[WhiteElo "1913"]
[LiveChessVersion "1.4.8"]

1. e4 {[%clk 1:30:57]} c5 {[%clk 1:30:55]} 2. Nf3 {[%clk 1:31:23]} d6
{[%clk 1:31:22]} 3. d4 {[%clk 1:31:34]} cxd4 {[%clk 1:31:47]} 4. Nxd4
{[%clk 1:31:59]} Nf6 {[%clk 1:32:13]} 5. Nc3 {[%clk 1:32:23]} a6 {[%clk 1:32:42]}
6. Be2 {[%clk 1:31:25]} e5 {[%clk 1:26:19]} 7. Nb3 {[%clk 1:31:17]} Be7
{[%clk 1:23:15]} 8. Qd3 {[%clk 1:28:01]} b5 {[%clk 1:04:14]} 9. Bg5
{[%clk 1:24:25]} Nbd7 {[%clk 1:01:54]} 10. O-O-O {[%clk 1:13:43]} Bb7
{[%clk 0:59:30]} 11. Bxf6 {[%clk 1:11:11]} Nxf6 {[%clk 0:57:36]} 12. h4
{[%clk 1:09:54]} Rc8 {[%clk 0:52:57]} 13. Nd5 {[%clk 1:01:20]} Nxd5
{[%clk 0:39:31]} 14. exd5 {[%clk 0:59:04]} O-O {[%clk 0:36:58]} 15. Qf5
{[%clk 0:53:16]} g6 {[%clk 0:31:55]} 16. Qh3 {[%clk 0:49:07]} Qc7
{[%clk 0:28:02]} 17. c3 {[%clk 0:49:08]} f5 {[%clk 0:25:14]} 18. g4
{[%clk 0:48:15]} fxg4 {[%clk 0:24:06]} 19. Bxg4 {[%clk 0:48:07]} a5
{[%clk 0:18:42]} 20. Be6+ {[%clk 0:39:53]} Kh8 {[%clk 0:17:52]} 21. Nd2
{[%clk 0:38:09]} Rf4 {[%clk 0:14:41]} 22. Bxc8 {[%clk 0:35:17]} Bxc8
{[%clk 0:15:10]} 23. Qd3 {[%clk 0:35:10]} b4 {[%clk 0:13:58]} 24. f3
{[%clk 0:27:21]} Bf5 {[%clk 0:10:09]} 25. Ne4 {[%clk 0:25:12]} bxc3
{[%clk 0:10:29]} 26. Rh2 {[%clk 0:21:39]} cxb2+ {[%clk 0:06:56]} 27. Kb1
{[%clk 0:20:34]} Qb6 {[%clk 0:05:23]} 28. Rxb2 {[%clk 0:16:43]} Qd4
{[%clk 0:05:45]} 29. Qe2 {[%clk 0:15:09]} Bxe4+ {[%clk 0:04:54]} 30. fxe4
{[%clk 0:15:14]} Qxe4+ {[%clk 0:05:03]} 31. Qxe4 {[%clk 0:15:40]} Rxe4
{[%clk 0:05:32]} 32. Rb8+ {[%clk 0:16:08]} Kg7 {[%clk 0:05:42]} 33. Rb7
{[%clk 0:16:32]} Rb4+ {[%clk 0:05:36]} 34. Rxb4 {[%clk 0:16:56]} axb4
{[%clk 0:06:06]} 35. Rh1 {[%clk 0:15:52]} g5 {[%clk 0:03:51]} 36. hxg5
{[%clk 0:15:20]} Bxg5 {[%clk 0:04:20]} 37. Kc2 {[%clk 0:14:30]} e4
{[%clk 0:04:38]} 38. Re1 {[%clk 0:13:29]} e3 {[%clk 0:05:01]} 39. Kb3
{[%clk 0:13:30]} Kf6 {[%clk 0:04:51]} 40. Kxb4 {[%clk 0:12:44]} Ke5
{[%clk 0:05:18]} 41. a4 {[%clk 0:11:14]} Kxd5 {[%clk 0:03:18]} 42. Kb5
{[%clk 0:09:55]} Ke4 {[%clk 0:03:29]} 43. a5 {[%clk 0:08:54]} Bf6
{[%clk 0:03:56]} 44. a6 {[%clk 0:06:36]} Bd4 {[%clk 0:04:23]} 45. Kc4
{[%clk 0:06:08]} d5+ {[%clk 0:04:01]} 46. Kb3 {[%clk 0:06:33]} Bb6
{[%clk 0:03:41]} 47. Kc2 {[%clk 0:06:34]} d4 {[%clk 0:04:02]} 48. Kd1
{[%clk 0:06:31]} d3 {[%clk 0:04:25]} 49. Rh1 {[%clk 0:06:19]} Kf3
{[%clk 0:04:34]} 50. Rf1+ {[%clk 0:02:42]} Kg2 {[%clk 0:04:59]} 51. Rf5
{[%clk 0:03:02]} h5 {[%clk 0:03:54]} 52. Rg5+ {[%clk 0:02:38]} Kf3
{[%clk 0:04:19]} 53. Rf5+ {[%clk 0:02:49]} Ke4 {[%clk 0:01:20]} 54. Rxh5
{[%clk 0:02:42]} e2+ {[%clk 0:01:46]} 55. Ke1 {[%clk 0:02:45]} Bc7
{[%clk 0:01:34]} 56. Rh4+ {[%clk 0:01:39]} Ke3 {[%clk 0:01:26]} 57. Rh3+
{[%clk 0:01:53]} Kd4 {[%clk 0:01:55]} 58. Rh4+ {[%clk 0:01:19]} Kc3
{[%clk 0:02:12]} 59. Rg4 {[%clk 0:00:59]} Kb3 {[%clk 0:02:29]} 60. Rg5
{[%clk 0:01:09]} Bd6 {[%clk 0:02:26]} 61. Rg4 {[%clk 0:00:57]} Be5
{[%clk 0:01:55]} 62. Kf2 {[%clk 0:00:36]} Bc7 {[%clk 0:01:04]} 63. a7
{[%clk 0:00:34]} Bb6+ {[%clk 0:01:32]} 64. Ke1 Ba5+ 0-1

[Event "EYCC 2024 - O14"]
[Site "?"]
[Date "2024.08.29"]
[Round "7.13"]
[White "Vassis, Michail"]
[Black "Makrylakis, Iason"]
[Result "1-0"]
[BlackElo "1941"]
[WhiteElo "2186"]
[LiveChessVersion "1.4.8"]

1. c4 {[%clk 1:30:57]} Nf6 {[%clk 1:30:32]} 2. Nc3 {[%clk 1:31:16]} e5
{[%clk 1:30:22]} 3. g3 {[%clk 1:30:12]} Nc6 {[%clk 1:29:15]} 4. Bg2
{[%clk 1:30:26]} d6 {[%clk 1:28:45]} 5. d3 {[%clk 1:29:37]} g6 {[%clk 1:25:49]}
6. Bg5 {[%clk 1:26:54]} h6 {[%clk 1:23:46]} 7. Bxf6 {[%clk 1:25:36]} Qxf6
{[%clk 1:24:03]} 8. Nd5 {[%clk 1:25:17]} Qd8 {[%clk 1:24:26]} 9. b4
{[%clk 1:24:10]} Bg7 {[%clk 1:22:14]} 10. Rb1 {[%clk 1:22:53]} O-O
{[%clk 1:10:05]} 11. e3 {[%clk 1:19:04]} f5 {[%clk 0:56:32]} 12. Ne2
{[%clk 1:17:47]} Ne7 {[%clk 0:52:28]} 13. b5 {[%clk 1:12:40]} Nxd5
{[%clk 0:50:42]} 14. Bxd5+ {[%clk 1:08:56]} Kh7 {[%clk 0:49:01]} 15. O-O
{[%clk 1:07:14]} Qe8 {[%clk 0:40:07]} 16. Bg2 {[%clk 1:07:00]} g5
{[%clk 0:33:23]} 17. Kh1 {[%clk 1:05:23]} f4 {[%clk 0:33:03]} 18. Be4+
{[%clk 1:05:46]} Bf5 {[%clk 0:19:47]} 19. Bxb7 {[%clk 0:50:14]} Rb8
{[%clk 0:20:08]} 20. Bc6 {[%clk 0:46:12]} Qg6 {[%clk 0:20:05]} 21. Nc1
{[%clk 0:43:12]} e4 {[%clk 0:18:41]} 22. g4 {[%clk 0:43:36]} Bc8 {[%clk 0:15:51]}
23. Bxe4 {[%clk 0:42:32]} Bb7 {[%clk 0:16:14]} 24. Bxb7 {[%clk 0:41:53]} Rxb7
{[%clk 0:16:39]} 25. exf4 {[%clk 0:35:06]} Rxf4 {[%clk 0:16:49]} 26. Nb3
{[%clk 0:34:49]} Rb8 {[%clk 0:16:31]} 27. Kg2 {[%clk 0:33:26]} Rbf8
{[%clk 0:16:17]} 28. f3 {[%clk 0:31:22]} h5 {[%clk 0:15:30]} 29. h3
{[%clk 0:28:54]} Qe8 {[%clk 0:14:04]} 30. Nd2 {[%clk 0:26:25]} Qe3
{[%clk 0:13:11]} 31. Ne4 {[%clk 0:26:36]} Kg6 {[%clk 0:12:05]} 32. gxh5+
{[%clk 0:26:27]} Kxh5 {[%clk 0:12:22]} 33. Ng3+ {[%clk 0:26:52]} Kg6
{[%clk 0:12:16]} 34. Qe2 {[%clk 0:27:05]} Qb6 {[%clk 0:08:25]} 35. Qe6+
{[%clk 0:27:19]} Kh7 {[%clk 0:08:35]} 36. Nh5 {[%clk 0:23:37]} R4f5
{[%clk 0:07:24]} 37. Rbe1 {[%clk 0:23:21]} Be5 {[%clk 0:05:51]} 38. Ng3
{[%clk 0:23:04]} R8f6 {[%clk 0:04:33]} 39. Qe8 {[%clk 0:23:12]} Rf4
{[%clk 0:04:16]} 40. Ne4 {[%clk 0:20:30]} Rg6 {[%clk 0:03:03]} 41. Nf2
{[%clk 0:17:37]} Qd4 {[%clk 0:00:37]} 42. Re4 {[%clk 0:16:50]} Qb2
{[%clk 0:00:58]} 43. a4 {[%clk 0:15:44]} Qd2 {[%clk 0:00:57]} 44. Rd1
{[%clk 0:14:05]} Qb2 {[%clk 0:00:36]} 45. Re3 {[%clk 0:04:27]} g4
{[%clk 0:00:42]} 46. hxg4 {[%clk 0:04:52]} Rgxg4+ {[%clk 0:00:55]} 47. Kf1
{[%clk 0:05:16]} Rg7 {[%clk 0:00:52]} 48. Qh5+ {[%clk 0:05:37]} Kg8
{[%clk 0:01:15]} 49. Qe8+ {[%clk 0:04:18]} Kh7 {[%clk 0:01:39]} 50. Qh5+
{[%clk 0:04:15]} Kg8 {[%clk 0:02:03]} 51. Rde1 {[%clk 0:04:37]} Rh7
{[%clk 0:01:17]} 52. Qe8+ {[%clk 0:04:50]} Rf8 {[%clk 0:01:13]} 53. Qg6+
{[%clk 0:05:11]} Kh8 {[%clk 0:01:28]} 54. R3e2 {[%clk 0:04:26]} Qd4
{[%clk 0:01:11]} 55. Re4 {[%clk 0:04:40]} Qb6 {[%clk 0:00:54]} 56. d4
{[%clk 0:03:58]} Rg8 {[%clk 0:00:44]} 57. c5 {[%clk 0:03:25]} Qb8
{[%clk 0:00:37]} 58. Qe6 {[%clk 0:03:14]} Bg7 {[%clk 0:00:38]} 59. Rg4
{[%clk 0:02:53]} dxc5 {[%clk 0:00:49]} 60. dxc5 {[%clk 0:02:39]} Rf8
{[%clk 0:00:48]} 61. Kg2 {[%clk 0:02:44]} Rh6 {[%clk 0:00:44]} 62. Rh1
{[%clk 0:03:06]} Rxh1 {[%clk 0:01:02]} 63. Kxh1 {[%clk 0:03:26]} Qd8
{[%clk 0:01:06]} 64. Kg2 {[%clk 0:03:43]} Bf6 {[%clk 0:00:36]} 65. Ne4
{[%clk 0:03:50]} Bg7 {[%clk 0:00:55]} 66. Ng5 {[%clk 0:04:04]} Qd2+
{[%clk 0:01:01]} 67. Kh3 {[%clk 0:04:29]} 1-0

[Event "EYCC 2024 - O14"]
[Site "?"]
[Date "2024.08.29"]
[Round "7.14"]
[White "Ahn, Maximilian"]
[Black "Groenewoud, Joel"]
[Result "1-0"]
[BlackElo "2157"]
[WhiteElo "1934"]
[LiveChessVersion "1.4.8"]

1. d4 {[%clk 1:30:57]} Nf6 {[%clk 1:30:49]} 2. c4 {[%clk 1:31:16]} g6
{[%clk 1:31:09]} 3. Nc3 {[%clk 1:31:40]} Bg7 {[%clk 1:31:31]} 4. e4
{[%clk 1:31:59]} d6 {[%clk 1:31:55]} 5. Be2 {[%clk 1:32:19]} O-O {[%clk 1:32:12]}
6. h4 {[%clk 1:32:36]} e5 {[%clk 1:29:16]} 7. d5 {[%clk 1:32:21]} Na6
{[%clk 1:28:43]} 8. h5 {[%clk 1:32:09]} Nc5 {[%clk 1:27:39]} 9. Qc2
{[%clk 1:30:31]} a5 {[%clk 1:26:58]} 10. Bg5 {[%clk 1:28:15]} a4 {[%clk 1:21:00]}
11. O-O-O {[%clk 1:20:05]} Bd7 {[%clk 1:14:36]} 12. hxg6 {[%clk 1:08:05]} fxg6
{[%clk 1:14:32]} 13. f3 {[%clk 1:05:17]} Qb8 {[%clk 1:11:37]} 14. g4
{[%clk 1:02:24]} c6 {[%clk 1:09:08]} 15. Qd2 {[%clk 0:54:58]} cxd5
{[%clk 1:03:36]} 16. Nxd5 {[%clk 0:53:05]} Nxd5 {[%clk 0:47:38]} 17. Qxd5+
{[%clk 0:50:39]} Be6 {[%clk 0:46:09]} 18. Qxd6 {[%clk 0:47:30]} Qc8
{[%clk 0:40:36]} 19. Be7 {[%clk 0:43:04]} Na6 {[%clk 0:38:16]} 20. Kb1
{[%clk 0:33:35]} Re8 {[%clk 0:31:33]} 21. Nh3 {[%clk 0:29:15]} h6
{[%clk 0:15:37]} 22. Nf2 {[%clk 0:26:51]} Kf7 {[%clk 0:12:38]} 23. Bh4
{[%clk 0:25:59]} g5 {[%clk 0:10:11]} 24. Bg3 {[%clk 0:25:55]} Qc5
{[%clk 0:01:56]} 25. Qxc5 {[%clk 0:21:42]} Nxc5 {[%clk 0:02:18]} 26. Rd2
{[%clk 0:20:32]} Rec8 {[%clk 0:01:55]} 27. Rhd1 {[%clk 0:18:20]} Ke7
{[%clk 0:00:38]} 28. Nd3 {[%clk 0:16:13]} Bxc4 {[%clk 0:00:32]} 29. Nxc5
{[%clk 0:11:50]} Bxe2 {[%clk 0:00:54]} 30. Rxe2 {[%clk 0:12:18]} Rxc5
{[%clk 0:01:13]} 31. Red2 {[%clk 0:12:30]} Rc7 {[%clk 0:00:35]} 32. Rd5
{[%clk 0:12:28]} Ke6 {[%clk 0:00:47]} 33. Rd6+ {[%clk 0:10:20]} Ke7
{[%clk 0:00:50]} 34. R6d5 {[%clk 0:04:30]} Ke6 {[%clk 0:01:07]} 35. Rb5
{[%clk 0:03:38]} Rf8 {[%clk 0:00:38]} 36. Rd3 {[%clk 0:03:09]} h5
{[%clk 0:00:35]} 37. gxh5 {[%clk 0:03:04]} Rh8 {[%clk 0:00:35]} 38. Rb6+
{[%clk 0:02:41]} Rc6 {[%clk 0:00:33]} 39. Rxb7 {[%clk 0:02:47]} Rxh5
{[%clk 0:00:33]} 40. Rd1 {[%clk 0:03:03]} Rh3 41. Rxg7 Rxg3 {[%clk 0:00:54]} 42.
Rg6+ {[%clk 0:03:31]} 1-0